| 000 | 00608nam a2200229Ia 4500 | ||
|---|---|---|---|
| 003 | OSt | ||
| 005 | 20220928145737.0 | ||
| 006 | a|||||r|||| 00| 0 | ||
| 007 | ta | ||
| 008 | 220927b |||||||| |||| 00| 0 eng d | ||
| 024 | _a83011 | ||
| 037 | _cTextual | ||
| 040 |
_aSDCL _cSDCL _beng |
||
| 041 |
_2eng _aeng |
||
| 082 | _aX:514, L7 | ||
| 100 |
_aCrissy W J E _9491024 |
||
| 245 | 0 |
_aSelling _b The personal force in marketing |
|
| 260 | _c1977 | ||
| 700 |
_a Cunningham William H _9461282 |
||
| 942 |
_hX:514, L7 _cTEXL _2CC |
||
| 999 |
_c835428 _d835428 |
||